Cẩm nang pháp luật ngành tài nguyên và môi trường
Tài liệu được cập nhật đầy đủ những văn bản quy phạm pháp luật, các chiến lược quy hoạch trong khâu lập, thẩm định, phê duyệt các dự án về bảo vệ môi trường.
Shranjeno v:
| Format: | Knjiga |
|---|---|
| Jezik: | Undetermined |
| Izdano: |
Hà Nội
Lao động - Xã hội
2007
|
| Teme: | |
| Oznake: |
Označite
Brez oznak, prvi označite!
|
| Thư viện lưu trữ: | Trung tâm Học liệu Trường Đại học Cần Thơ |
|---|
| LEADER | 00894nam a2200205Ia 4500 | ||
|---|---|---|---|
| 001 | CTU_134668 | ||
| 008 | 210402s9999 xx 000 0 und d | ||
| 020 | |c 285000 | ||
| 082 | |a 344.597046 | ||
| 082 | |b C120 | ||
| 245 | 0 | |a Cẩm nang pháp luật ngành tài nguyên và môi trường | |
| 245 | 0 | |c Biên dịch: Hương Huy | |
| 260 | |a Hà Nội | ||
| 260 | |b Lao động - Xã hội | ||
| 260 | |c 2007 | ||
| 520 | |a Tài liệu được cập nhật đầy đủ những văn bản quy phạm pháp luật, các chiến lược quy hoạch trong khâu lập, thẩm định, phê duyệt các dự án về bảo vệ môi trường. | ||
| 650 | |a Environmental law,Luật môi trường | ||
| 650 | |z Vietnam,Việt Nam | ||
| 904 | |i Duy Bằng | ||
| 980 | |a Trung tâm Học liệu Trường Đại học Cần Thơ | ||